Famous 'Ch' People Quiz Stats

Quiz Updated Jun 24, 2015

Also try: Here's Johnny!
Challenge
Share
Tweet
Score 0/20 Timer 05:00
4 Plays Today
% Correct
Charlie Chaplin
97.3%
Jackie Chan
96.6%
Cher
93.1%
Ray Charles
88.4%
Winston Churchill
85.5%
Chevy Chase
81.5%
Dick Cheney
70.1%
Don Cheadle
62.6%
Julia Child
59.2%
Wilt Chamberlain
57.3%
% Correct
Margaret Cho
55.8%
Hugo Chávez
52.6%
Tracy Chapman
47.2%
Dave Chappelle
45%
Jessica Chastain
40.9%
Kristin Chenoweth
25.9%
Agatha Christie
23.9%
Jacques Chirac
22.6%
Hayden Christensen
18.3%
Justin Chambers
8.8%

You're not logged in!

Compare scores with friends on all Sporcle quizzes.
Sign Up with Email
OR
Log In

You Might Also Like...

Show Comments

Extras

Top Quizzes Today


Score Distribution

Your Account Isn't Verified!

In order to create a playlist on Sporcle, you need to verify the email address you used during registration. Go to your Sporcle Settings to finish the process.